000 00716nam a2200253Ia 4500
003 OSt
005 20221006143237.0
006 a|||||r|||| 00| 0
007 ta
008 221006b |||||||| |||| 00| 0 eng d
020 _c
_63.25
024 _a8,426
037 _cTextual
040 _aEASL
_cEASL
_beng
041 _2eng
_aeng
082 _aX65.730j72.N88, M9
100 _aSTERN Robert M Ed.
245 0 _aTrade and investment relations among the United States, Canada, and Japan
260 _aChicago
_bUniversity of Chicago Press
_c1989
300 _a448p.
_ccm.
490 _v Oth
942 _hX65.730j72.N88, M9
_cTEXL
_2CC
999 _c1076512
_d1076512